Le grand trombinoscope des sportifs du XXIe siècle - Statistiques

Statistiques générales
  • Ce quiz a été pris 2 258 fois
    1 040 depuis la dernière actualisation
  • Le résultat moyen est 59 sur 100
Statistiques - réponses
Hint Réponse % Correct
Kylian Mbappé
86%
Antoine Griezmann
86%
Lionel Messi
86%
Cristiano Ronaldo
86%
Teddy Riner
85%
Olivier Giroud
85%
Zinedine Zidane
85%
Tony Parker
84%
Usain Bolt
84%
Florent Manaudou
84%
Félix Lebrun
84%
Antoine Dupont
83%
Léon Marchand
83%
Sébastien Chabal
83%
Novak Djokovic
83%
Erling Haaland
82%
Lewis Hamilton
82%
Kevin De Bruyne
82%
Rafael Nadal
82%
Roger Federer
82%
Victor Wembanyama
82%
LeBron James
82%
Rondaldinho
81%
Serena Williams
81%
Carlos Alcaraz
81%
Kobe Bryant
80%
Charles Leclerc
80%
Cédric Doumbé
78%
Tiger Woods
78%
Stephen Curry
78%
Nikola Karabatic
77%
Armand Duplantis
76%
Wendie Renard
75%
Simone Biles
75%
Martin Fourcade
75%
Laure Manaudou
74%
Michael Schumacher
72%
Max Verstappen
72%
Sébastien Loeb
70%
Renaud Lavillenie
69%
Clarisse Agbégnénou
69%
Michael Phelps
68%
Tadej Pogačar
66%
Noah Lyles
66%
Tony Estanguet
65%
Megan Rapinoe
64%
Magnus Carlsen
63%
Laure Boulleau
63%
Kévin Mayer
62%
Earvin Ngapeth
61%
Tom Brady
59%
Amélie Mauresmo
59%
Sebastian Vettel
59%
Giannis Antetokounmpo
58%
Pauline Ferrand-Prévot
57%
Thierry Omeyer
57%
Julian Alaphilippe
57%
Christopher Froome
54%
Théo Curin
54%
Aitana Bonmatí
52%
Peter Sagan
51%
Valentino Rossi
50%
Laura Flessel
50%
Gianmarco Tamberi
49%
Christophe Dominici
49%
Corentin Houssein
49%
Brahim Asloum
49%
Marc Marquez
48%
Quentin Fillon Maillet
47%
Johannes Boe
46%
Eliud Kipchoge
46%
Oscar Pistorius
46%
Mélina Robert-Michon
44%
Guillaume Cizeron
44%
Ada Hegerberg
42%
Simona Halep
42%
Kauli Vaast
40%
Mohamed Farah
39%
Justine Henin
38%
Cléopâtre Darleux
37%
Cassandre Beaugrand
37%
Gabriella Papadakis
36%
Justine Braisaz-Bouchet
35%
Marianne Vos
34%
Femke Bol
34%
Perrine Laffont
32%
Katie Ledecky
30%
Alexis Pinturault
29%
Summer McIntosh
28%
Jakob Ingebrigtsen
27%
Allison Pineau
27%
Marcel Hirscher
26%
Mikaela Shiffrin
26%
Gabby Williams
26%
Annemiek van Vleuten
25%
Lotte Kopecky
25%
Elaine Thompson-Herah
24%
Allyson Felix
22%
Karsten Warholm
22%
Sidney Crosby
19%
Aucun quiz correspondant
Distribution des résultats
% des personnes avec chaque résultat
Percentile par nombre de réponses
Votre historique - résultats
Vous n’avez pas pris ce quiz depuis la dernière actualisation